Giới hạn cho bạn: 10 quy tắc thiết lập ranh giới giúp trẻ sống trách nhiệm và sự tự chủ hơn

সংরক্ষণ করুন:
গ্রন্থ-পঞ্জীর বিবরন
প্রধান লেখক: Cloud, Henry
সংস্থা লেখক: Townsennd, John
অন্যান্য লেখক: Thảo Nguyên (Dịch)
বিন্যাস: গ্রন্থ
ভাষা:Vietnamese
প্রকাশিত: Tp. Hồ Chí Minh Thanh niên - Cty sách Alpha 2018
বিষয়গুলি:
ট্যাগগুলো: ট্যাগ যুক্ত করুন
কোনো ট্যাগ নেই, প্রথমজন হিসাবে ট্যাগ করুন!
Thư viện lưu trữ: Trung tâm Học liệu Lê Vũ Hùng, Trường Đại học Đồng Tháp
LEADER 00968pam a22002658a 4500
001 00044983
005 20191017141026.0
008 131216s2013 ||||||viesd
020 # # |a 978 604 9826 252  |c 119000 
041 0 # |a vie 
082 1 4 |a 649.64  |b GI462H 
100 # # |a Cloud, Henry 
242 # # |a Boundaries with kids 
245 0 0 |c Henry Cloud; John Townsennd; Thảo Nguyên (Dịch)  |a Giới hạn cho bạn: 10 quy tắc thiết lập ranh giới giúp trẻ sống trách nhiệm và sự tự chủ hơn 
260 # # |a Tp. Hồ Chí Minh  |c 2018  |b Thanh niên - Cty sách Alpha 
300 # # |c 21 cm  |a 228 tr. 
653 # # |a Nuôi dạy con 
653 # # |a giáo dục gia đình 
653 # # |a kỉ luật 
700 # # |a Thảo Nguyên (Dịch) 
700 # # |e dịch 
710 # # |a Townsennd, John 
852 # # |j KD.0026568 
910 # # |d 17/10/2019 
980 # # |a Trung tâm Học liệu Lê Vũ Hùng, Trường Đại học Đồng Tháp